| 000 | 00593nam a2200181Ia 4500 | ||
|---|---|---|---|
| 008 | 150223s9999 xx 000 0 und d | ||
| 020 | _a781795818 | ||
| 050 |
_aRT 48 _b.A876 2003 |
||
| 245 |
_aAssessment: _bmade incredibly easy! / |
||
| 250 | _a3rd edition | ||
| 260 |
_aUnited states of america: _bLippincot Williams and Wilkins, _c2003 |
||
| 300 |
_a378 pages : _bIllustration; _c24 cm. |
||
| 504 | _aIncludes bibliographical references and Index. | ||
| 520 | _anursing assessment | ||
| 650 |
_aHandbooks _xManuals. |
||
| 650 | _aHandbooks. | ||
| 650 |
_aPhysical Examination _xMethods. |
||
| 999 |
_c283262 _d283262 |
||